00908nam a2200229 a 450000100100000000500170001000800410002704000250006824500500009326000480014330000210019149000380021259000680025070000280031870000260034670000280037270000230040070000230042383000450044695201700049199900170066100004591820201002052525.0150528s1971 cl 000 0 spa d aDO-SdBNPbspacBNPHU00aImperialismo hoy. /cJames O´Connor [et.al]. aBuenos Aires :bEdiciones Periferia,c1971. a262 p. ;c18 cm.1 aEstados Unidos y América Latina aPerteneció a la biblioteca personal de Germán Emilio Ornes.1 aO´Connor, James9739881 aMandel, Ernest9739891 aNicolaus, Martin9739901 aMarcus, Lyn9739911 aKotz, David973992 0aEstados Unidos y América Latina963391 001050718MOaPDbPDcCTd2015-05-28iLF1l0o p45918-10r2020-06-25w2020-06-25y1zPerteneció a la biblioteca personal de Germán Emilio Ornes.ZNo se presta c45407d45407